| 000 -LEADER |
| fixed length control field |
00992 am a2200265 4500 |
| 003 - CONTROL NUMBER IDENTIFIER |
| control field |
OSt |
| 005 - DATE AND TIME OF LATEST TRANSACTION |
| control field |
20230208082309.0 |
| 008 - FIXED-LENGTH DATA ELEMENTS--GENERAL INFORMATION |
| fixed length control field |
790626s1956 enkab j f eng d |
| 020 ## - INTERNATIONAL STANDARD BOOK NUMBER |
| International Standard Book Number |
9780064471084 |
| 040 ## - CATALOGING SOURCE |
| Transcribing agency |
CaOL |
| Modifying agency |
KH8 |
| 082 ## - DEWEY DECIMAL CLASSIFICATION NUMBER |
| Classification number |
FIC LEW |
| 100 1# - MAIN ENTRY--PERSONAL NAME |
| Personal name |
Lewis, C. S. |
| Fuller form of name |
(Clive Staples), |
| Dates associated with a name |
1898-1963. |
| 245 14 - TITLE STATEMENT |
| Title |
The last battle / |
| Statement of responsibility, etc. |
C.S. Lewis ; illustrated by Pauline Baynes. |
| 260 ## - PUBLICATION, DISTRIBUTION, ETC. |
| Place of publication, distribution, etc. |
London : |
| Name of publisher, distributor, etc. |
Bodley Head |
| Date of publication, distribution, etc. |
1956. |
| 300 ## - PHYSICAL DESCRIPTION |
| Extent |
228 p., 45 p. ; |
| Dimensions |
21 cm. |
| 500 ## - GENERAL NOTE |
| General note |
Also published : New York : HarperTrophy, 1984. |
| 520 ## - SUMMARY, ETC. |
| Summary, etc. |
When evil comes to Narnia, Jill and Eustace help fight the great last battle and Aslan leads his followers to a glorious new paradise. |
| 650 #0 - SUBJECT ADDED ENTRY--TOPICAL TERM |
| Topical term or geographic name entry element |
Narnia (Imaginary place) |
| Form subdivision |
Juvenile fiction. |
| 650 #0 - SUBJECT ADDED ENTRY--TOPICAL TERM |
| Topical term or geographic name entry element |
Imaginary wars and battles |
| Form subdivision |
Juvenile fiction. |
| 650 #0 - SUBJECT ADDED ENTRY--TOPICAL TERM |
| Topical term or geographic name entry element |
Good and evil |
| Form subdivision |
Juvenile fiction. |
| 655 #0 - INDEX TERM--GENRE/FORM |
| Genre/form data or focus term |
Fantasy fiction. |
| 700 1# - ADDED ENTRY--PERSONAL NAME |
| Personal name |
Baynes, Pauline. |
| Relator term |
illustrator |
| 830 #0 - SERIES ADDED ENTRY--UNIFORM TITLE |
| Uniform title |
Chronicles of Narnia ; |
| Volume/sequential designation |
bk. 7. |
| 942 ## - ADDED ENTRY ELEMENTS (KOHA) |
| Source of classification or shelving scheme |
|
| Koha item type |
Books - Fiction |